000 00625cam a22002172 4500
001 0000002617
005 20151217151900.0
008 070417s xx 000 0 eng d
020 _a0132055994 :
_cKES 300
040 _aKABU
_cKABU
050 0 _aPE1408
_b.H33 1991
100 1 _aHacker, Diana.
_@0000152047
245 1 4 _aThe Bedford handbook for writers.
250 _a3rd ed.
260 _aBoston :
_bBedford books,
_c1991.
300 _axxxvi, 689 p.
650 0 _aReport writing
_vHandbooks, manuals etc.
_@0000152048
908 _a070417
950 _@1
999 _c5941
_d5941